Équipes victorieuses des championnats du monde de League of Legends - Statistiques

Statistiques générales
  • Ce quiz a été pris 153 fois
    136 depuis la dernière actualisation
  • Le résultat moyen est 11 sur 13
Statistiques - réponses
Saison Année Réponse % Correct
S3 2013 SK Telecom T1
99%
S5 2015 SK Telecom T1
99%
S6 2016 SK Telecom T1
99%
S13 2023 SK Telecom T1
99%
S1 2011 Fnatic
97%
S12 2022 DRX
85%
S11 2021 Edward Gaming
80%
S7 2017 Samsung Galaxy
80%
S9 2019 FunPlus Phoenix
78%
S4 2014 Samsung White
73%
S2 2012 Taipei Assassins
72%
S8 2018 Invictus Gaming
70%
S10 2020 DAMWON Gaming
66%
Aucun quiz correspondant
Distribution des résultats
% des personnes avec chaque résultat
Percentile par nombre de réponses
Votre historique - résultats
Vous n’avez pas pris ce quiz depuis la dernière actualisation